| 000 | 00637nam a2200217Ia 4500 | ||
|---|---|---|---|
| 005 | 20210902123307.0 | ||
| 008 | 131103s9999 xx 000 0 und d | ||
| 020 |
_a817824148X _cRs 250 |
||
| 040 | _aLoreto College | ||
| 041 | _aEnglish | ||
| 082 |
_a320 _bCHA |
||
| 100 | _aChatterjee, Partha | ||
| 245 | 4 |
_aThe politics of the governed _b Reflections on popular politics in most of the world _cPartha Chatterjee |
|
| 260 |
_aDelhi _bPermanent Black _c2004 |
||
| 300 | _axi,173p | ||
| 504 | _aIncludes bibliographical references and index | ||
| 650 | _aPolitics | ||
| 651 | _aGlobal Politics | ||
| 850 | _aLCLIB | ||
| 942 | _cBK | ||
| 999 |
_c17555 _d68034 |
||